載入...

Nutrition

書目詳細資料
主要作者: Insel, Paul
其他作者: et...al
格式: Printed Book
語言:English
出版: London Jones and Bartlett Publishers 2002
LEADER 00477nam a22001457a 4500
005 20151028162339.0
008 091029t xxu||||| |||| 00| 0 eng d
082 |a 641.1   |b P2 
100 |a Insel, Paul  |9 25028 
245 |a Nutrition 
700 |a et...al  |9 25027 
942 |c BK  |6 _ 
260 |a London  |b Jones and Bartlett Publishers  |c 2002 
999 |c 80385  |d 80385 
952 |0 0  |1 0  |2 ddc  |4 0  |6 6411_P2  |7 0  |9 93701  |a SOS  |b SOS  |c GEN  |d 2009-10-29  |l 1  |o 641.1 P2  |p MS012886  |r 2013-07-25  |s 2013-07-08  |w 2009-10-29  |y BK